General clauses act: central and states (Record no. 202981)

MARC details
000 -LEADER
fixed length control field 00398nam a2200157Ia 4500
008 - FIXED-LENGTH DATA ELEMENTS--GENERAL INFORMATION
fixed length control field 230917s9999||||xx |||||||||||||| ||und||
040 ## - CATALOGING SOURCE
-- 77175
Original cataloging agency VIVEKANANDA LIBRARY
041 ## - Language
-- English
082 ## - DDC NUMBER
Classification number 340.131 B512G
100 ## - MAIN ENTRY--PERSONAL NAME
Personal name Bindra, N S
245 #0 - TITLE STATEMENT
Title General clauses act: central and states
250 ## - EDITION STATEMENT
Edition statement 7th ed.
260 ## - PUBLICATION, DISTRIBUTION, ETC. (IMPRINT)
Place of publication, distribution, etc Allahabad
Name of publisher, distributor, etc Law Book Company
Date of publication, distribution, etc 1980
300 ## - PHYSICAL DESCRIPTION
Pages xvii, 528 p.
942 ## - ADDED ENTRY ELEMENTS (KOHA)
Koha item type Books
Holdings
Withdrawn status Lost status Damaged status Not for loan Location (home branch) Sublocation or collection (holding branch) Date acquired Koha issues (times borrowed) Koha full call number Accession No. Koha date last seen Koha item type
        VIVEKANANDA LIBRARY VIVEKANANDA LIBRARY 03/03/2003   340.131 B512G 62965 17/09/2023 Books
© Designed and Maintained by Vivekananda Library, MDU Rohtak